|
|
|
|
| LEADER |
01569nmm a2200409 a 4500 |
| 001 |
000905023 |
| 003 |
CZ BrMZK |
| 005 |
20110110100015.0 |
| 008 |
080715s2008 xr e i |||||||cze d |
| 020 |
|
|
|a 978-80-7044-990-5
|q (CDR)
|
| 040 |
|
|
|a BOA001
|b cze
|
| 043 |
|
|
|a e-xr---
|
| 072 |
|
7 |
|a 75
|x Malířství
|2 Konspekt
|9 21
|
| 080 |
|
|
|a 75(437.3)
|2 MRF
|
| 080 |
|
|
|a 75.036/.038
|2 MRF
|
| 080 |
|
|
|a (437.3)
|2 MRF
|
| 080 |
|
|
|a (083.824)
|2 MRF
|
| 080 |
|
|
|a (0.034.44)
|2 MRF
|
| 100 |
1 |
|
|a Géringová, Jitka,
|d 1969-
|7 jn20000400834
|4 art
|
| 245 |
1 |
0 |
|a Obrazy
|h [elektronický zdroj] :
|b galerie AMB Hradec Králové 14. 2. - 14. 3. 2008 /
|c Jitka Géringová
|
| 246 |
3 |
|
|a Jitka Géringová - obrazy
|
| 250 |
|
|
|a Vyd. 1
|
| 256 |
|
|
|a Data (38,2 MB)
|
| 260 |
|
|
|a V Ústí nad Labem :
|b UJEP,
|c 2008
|
| 300 |
|
|
|a 1 CD-ROM :
|b barev. ;
|c 12 cm +
|e složený katalogový list
|
| 500 |
|
|
|a Galerie AMB Hradec Králové 14. 2. - 14. 3. 2008
|
| 600 |
1 |
7 |
|a Géringová, Jitka,
|d 1969-
|7 jn20000400834
|2 czenas
|
| 610 |
2 |
7 |
|a Galerie AMB (Hradec Králové, Česko)
|7 mzk2009483103
|2 czenas
|
| 650 |
0 |
7 |
|a české malířství
|7 ph116864
|y 21. stol.
|2 czenas
|
| 650 |
0 |
7 |
|a moderní malířství
|7 ph122940
|z Česko
|2 czenas
|
| 655 |
|
7 |
|a katalogy výstav
|7 fd132536
|2 czenas
|
| 655 |
|
7 |
|a CD-ROM
|7 fd133955
|2 czenas
|
| 710 |
2 |
|
|a Galerie AMB (Hradec Králové, Česko)
|7 mzk2009483103
|
| 910 |
2 |
|
|a BOA001
|b CDR2-1208.559
|
| 990 |
|
|
|a CF
|
| 991 |
|
|
|b 200902
|
| 996 |
6 |
|
|b 2610349282
|c CDR2-1208.559
|l Stud. periodik/2.patro
|r Sklad / do 1 hodiny
|n 0
|p p.v.
|w 001069404
|u 000010
|a 1
|e BOA001
|j MZK50
|s P
|